Monitor stavu hospodárstva Slovenskej republiky

Saved in:
Bibliographic Details
Format: Serial
Language:Slovak
English
Published: Bratislava Štatistický úrad Slovenskej republiky
Subjects:
Tags: Add Tag
No Tags, Be the first to tag this record!

MARC

LEADER 00000nas1a2200000 4500
001 s120067
005 20230330080212.7
041 0 |a slo 
041 0 |a eng 
044 |a SK 
245 1 0 |a Monitor stavu hospodárstva Slovenskej republiky 
264 1 |a Bratislava  |b Štatistický úrad Slovenskej republiky 
610 2 0 |a štatistika republiková 
610 2 0 |a hospodárstvo národné 
610 2 0 |a ukazovatele štatistické